<?xml version="1.0" encoding="UTF-8"?>
<record
    xmlns:xsi="http://www.w3.org/2001/XMLSchema-instance"
    xsi:schemaLocation="http://www.loc.gov/MARC21/slim http://www.loc.gov/standards/marcxml/schema/MARC21slim.xsd"
    xmlns="http://www.loc.gov/MARC21/slim">

  <leader>00860nam a22001577a 4500</leader>
  <controlfield tag="008">120924t        xxu||||| |||| 00| 0 eng d</controlfield>
  <datafield tag="020" ind1=" " ind2=" ">
    <subfield code="a">978988112289</subfield>
  </datafield>
  <datafield tag="050" ind1=" " ind2=" ">
    <subfield code="a">HD30.28.A4</subfield>
  </datafield>
  <datafield tag="100" ind1=" " ind2=" ">
    <subfield code="a">Ayitey, Wisdom Kwesi.</subfield>
  </datafield>
  <datafield tag="245" ind1=" " ind2=" ">
    <subfield code="a">A simple approach to strategic management. /</subfield>
    <subfield code="c">Wisdom Kwesi Ayitey</subfield>
  </datafield>
  <datafield tag="260" ind1=" " ind2=" ">
    <subfield code="a">Ghana:</subfield>
    <subfield code="b">Akrong Publications,</subfield>
    <subfield code="c">c2008.</subfield>
  </datafield>
  <datafield tag="300" ind1=" " ind2=" ">
    <subfield code="a">vi,98 p.:</subfield>
    <subfield code="b">ill.;</subfield>
    <subfield code="c">21cm</subfield>
  </datafield>
  <datafield tag="505" ind1=" " ind2=" ">
    <subfield code="a">Contents: The Strategic management process -- Company situation analysis -- Strategy and competitive advantage -- Organization of the purchasing and supply function -- Logistics and strategic management -- Customer service levels -- Strategic sourcing -- Purchasing performance measurement and benchmarking -- Make or buy decisions and subcontracting -- Leadership -- Motivation -- Recruitment and selection.</subfield>
  </datafield>
  <datafield tag="650" ind1=" " ind2=" ">
    <subfield code="b">Strategic Management</subfield>
  </datafield>
  <datafield tag="942" ind1=" " ind2=" ">
    <subfield code="2">lcc</subfield>
    <subfield code="c">BK</subfield>
  </datafield>
  <datafield tag="999" ind1=" " ind2=" ">
    <subfield code="c">2367</subfield>
    <subfield code="d">9867</subfield>
  </datafield>
  <datafield tag="952" ind1=" " ind2=" ">
    <subfield code="0">0</subfield>
    <subfield code="1">0</subfield>
    <subfield code="2">lcc</subfield>
    <subfield code="4">0</subfield>
    <subfield code="7">0</subfield>
    <subfield code="a">WIUC-1</subfield>
    <subfield code="b">WIUC-1</subfield>
    <subfield code="c">REF</subfield>
    <subfield code="d">2012-09-24</subfield>
    <subfield code="l">0</subfield>
    <subfield code="o">HD30.28.A4</subfield>
    <subfield code="p">6118/12</subfield>
    <subfield code="r">2012-09-24 00:00:00</subfield>
    <subfield code="t">1</subfield>
    <subfield code="w">2012-09-24</subfield>
    <subfield code="y">BK</subfield>
  </datafield>
  <datafield tag="952" ind1=" " ind2=" ">
    <subfield code="0">0</subfield>
    <subfield code="1">0</subfield>
    <subfield code="2">lcc</subfield>
    <subfield code="4">0</subfield>
    <subfield code="7">0</subfield>
    <subfield code="a">WIUC-1</subfield>
    <subfield code="b">WIUC-1</subfield>
    <subfield code="c">REF</subfield>
    <subfield code="d">2012-09-24</subfield>
    <subfield code="l">0</subfield>
    <subfield code="o">HD30.28.A41</subfield>
    <subfield code="p">6119/12</subfield>
    <subfield code="r">2012-09-24 00:00:00</subfield>
    <subfield code="t">2</subfield>
    <subfield code="w">2012-09-24</subfield>
    <subfield code="y">BK</subfield>
  </datafield>
  <datafield tag="952" ind1=" " ind2=" ">
    <subfield code="0">0</subfield>
    <subfield code="1">0</subfield>
    <subfield code="2">lcc</subfield>
    <subfield code="4">0</subfield>
    <subfield code="7">0</subfield>
    <subfield code="a">WIUC-1</subfield>
    <subfield code="b">WIUC-1</subfield>
    <subfield code="c">REF</subfield>
    <subfield code="d">2012-09-24</subfield>
    <subfield code="l">0</subfield>
    <subfield code="o">HD30.28.A42</subfield>
    <subfield code="p">6120/12</subfield>
    <subfield code="r">2012-09-24 00:00:00</subfield>
    <subfield code="t">3</subfield>
    <subfield code="w">2012-09-24</subfield>
    <subfield code="y">BK</subfield>
  </datafield>
  <datafield tag="952" ind1=" " ind2=" ">
    <subfield code="0">0</subfield>
    <subfield code="1">0</subfield>
    <subfield code="2">lcc</subfield>
    <subfield code="4">0</subfield>
    <subfield code="7">0</subfield>
    <subfield code="a">WIUC-1</subfield>
    <subfield code="b">WIUC-1</subfield>
    <subfield code="c">REF</subfield>
    <subfield code="d">2012-09-24</subfield>
    <subfield code="l">0</subfield>
    <subfield code="o">HD30.28.A43</subfield>
    <subfield code="p">6121/12</subfield>
    <subfield code="r">2012-09-24 00:00:00</subfield>
    <subfield code="t">4</subfield>
    <subfield code="w">2012-09-24</subfield>
    <subfield code="y">BK</subfield>
  </datafield>
</record>
